000 00670nam a2200241Ia 4500
003 OSt
005 20221007064833.0
006 a|||||r|||| 00| 0
007 ta
008 221006b |||||||| |||| 00| 0 eng d
024 _a2,863
037 _cTextual
040 _aFLL
_cFLL
_beng
041 _2eng
_aeng
082 _aZ2,2,3, N2
100 _aDial R. Au.
_9685587
245 0 _aLaw of rent control in dlehi
260 _aDelhi
_bOm Law Book House India
_c1994
650 _aLaw of rent control in dlehi
_9686359
700 _a Dial A.B. Au.
_9686360
942 _hZ2,2,3, N2
_cTEXL
_2CC
999 _c1135508
_d1135508